[Event "GER-chT Federal Cup (Women)"]
[Site "Braunfels"]
[Date "2022.06.19"]
[Round "5.2"]
[White "Voicu Jagodzinsky, Carmen"]
[Black "Peglau, Dora"]
[Result "1/2-1/2"]
[WhiteElo "2291"]
[BlackElo "2008"]
[PlyCount "79"]
[EventDate "2022.06.15"]
[EventType "team-swiss"]
[EventRounds "5"]
[EventCountry "GER"]
[SourceTitle "EXT 2023"]
[Source "ChessBase"]
[SourceDate "2022.10.05"]
[SourceVersion "1"]
[SourceVersionDate "2022.10.05"]
[SourceQuality "1"]

1. e4 c6 2. d4 d5 3. e5 Bf5 4. Nd2 e6 5. Nb3 Nd7 6. Nf3 Ne7 7. Be2 Bg6 8. 0-0 Nf5 9. a4 a6 10. Bd2 c5 11. c3 c4 12. Nc1 b5 13. g4 Ne7 14. axb5 axb5 15. Rxa8 Qxa8 16. Nh4 Nc6 17. Nxg6 hxg6 18. f4 Qd8 19. Be1 Be7 20. Bf3 Nb6 21. Bg2 b4 22. Ne2 b3 23. Ng3 Qc8 24. f5 gxf5 25. gxf5 Kd7 26. Qg4 Qg8 27. fxe6+ fxe6 28. Nh5 Qh7 29. Qxe6+ Kc7 30. Bxd5 Nxd5 31. Qxd5 Qxh5 32. Bg3 Qe2 33. e6+ Kb6 34. Rf5 Qe3+ 35. Bf2 Qc1+ 36. Kg2 Qc2 37. Qb5+ Kc7 38. Qd5 Kb6 39. Qb5+ Kc7 40. Qd5 1/2-1/2

[Event "GER-chT Federal Cup (Women)"]
[Site "Braunfels"]
[Date "2022.06.18"]
[Round "4.3"]
[White "Voicu Jagodzinsky, Carmen"]
[Black "Stangl, Anita"]
[Result "1/2-1/2"]
[WhiteElo "2291"]
[BlackElo "2041"]
[PlyCount "38"]
[EventDate "2022.06.15"]
[EventType "team-swiss"]
[EventRounds "5"]
[EventCountry "GER"]
[SourceTitle "EXT 2023"]
[Source "ChessBase"]
[SourceDate "2022.10.05"]
[SourceVersion "1"]
[SourceVersionDate "2022.10.05"]
[SourceQuality "1"]

1. e4 e6 2. d4 d5 3. Nc3 Nf6 4. Bg5 Be7 5. e5 Nfd7 6. Bxe7 Qxe7 7. f4 0-0 8. Nf3 c5 9. Nb5 Nc6 10. c3 f6 11. h4 cxd4 12. cxd4 fxe5 13. fxe5 Rf4 14. Qd2 Qb4 15. Qxb4 Nxb4 16. Kd2 Nb6 17. b3 Bd7 18. a3 Nc6 19. Rc1 Raf8 1/2-1/2

[Event "GER-chT Federal Cup (Women)"]
[Site "Braunfels"]
[Date "2022.06.17"]
[Round "2.2"]
[White "Bluebaum, Johanna"]
[Black "Voicu Jagodzinsky, Carmen"]
[Result "0-1"]
[WhiteElo "2049"]
[BlackElo "2291"]
[PlyCount "82"]
[EventDate "2022.06.15"]
[EventType "team-swiss"]
[EventRounds "5"]
[EventCountry "GER"]
[SourceTitle "EXT 2023"]
[Source "ChessBase"]
[SourceDate "2022.10.05"]
[SourceVersion "1"]
[SourceVersionDate "2022.10.05"]
[SourceQuality "1"]

1. d4 Nf6 2. c4 e6 3. Nc3 d5 4. cxd5 exd5 5. Bg5 Be7 6. e3 0-0 7. Bd3 Re8 8. Nge2 h6 9. Bh4 c6 10. 0-0 Nh5 11. Bxe7 Qxe7 12. Bc2 Nd7 13. Qd3 Nf8 14. Rae1 g6 15. Qd2 Kh7 16. Nc1 Nf6 17. f3 c5 18. Nd3 b6 19. Ne5 Bb7 20. f4 Rad8 21. Ba4 N8d7 22. Rf3 a6 23. Nxd7 Nxd7 24. f5 Rf8 25. Bc2 Nf6 26. Qf2 Rde8 27. Rf1 g5 28. Nd1 Qd6 29. h3 Re7 30. g4 Rfe8 31. Bd3 Bc6 32. Qh2 Qxh2+ 33. Kxh2 Bb5 34. Bxb5 axb5 35. R3f2 b4 36. Rc2 c4 37. Kg3 Ra8 38. b3 Ne4+ 39. Kg2 Rea7 40. bxc4 Rxa2 41. Rb2 dxc4 0-1

[Event "BL 2122 (Women)"]
[Site "Germany"]
[Date "2022.05.27"]
[Round "4.2"]
[White "Gaponenko, Inna"]
[Black "Voicu Jagodzinsky, Carmen"]
[Result "1-0"]
[WhiteElo "2332"]
[BlackElo "2291"]
[PlyCount "137"]
[EventDate "2021.11.27"]
[EventType "team-tourn"]
[EventRounds "11"]
[EventCountry "GER"]
[SourceTitle "EXT 2023"]
[Source "ChessBase"]
[SourceDate "2022.10.05"]
[SourceVersion "1"]
[SourceVersionDate "2022.10.05"]
[SourceQuality "1"]
[WhiteTeam "Deizisau (W)"]
[BlackTeam "Hemer (W)"]
[WhiteTeamCountry "GER"]
[BlackTeamCountry "GER"]

1. e4 e6 2. d4 d5 3. Nc3 Nf6 4. e5 Nfd7 5. f4 c5 6. Nf3 Nc6 7. Be3 a6 8. Qd2 b5 9. Bd3 b4 10. Na4 c4 11. Be2 c3 12. Qc1 cxb2 13. Qxb2 Be7 14. 0-0 0-0 15. c3 a5 16. c4 Nb6 17. Nxb6 Qxb6 18. f5 f6 19. Bf2 a4 20. Rab1 Kh8 21. exf6 Bxf6 22. cxd5 exd5 23. g4 b3 24. Ne5 Na5 25. Qa3 Qd8 26. Qxa4 Bb7 27. axb3 Qd6 28. b4 Nc6 29. Qb5 Nxd4 30. Bxd4 Bxe5 31. Bxe5 Qxe5 32. Qd3 Ra2 33. Rf2 Re8 34. Re1 d4 35. Bf1 Qxe1 36. Rxa2 Qxb4 37. Qb5 Qxb5 38. Bxb5 Re4 39. h3 h5 40. Ra7 Bd5 41. Rd7 Re5 42. Kf2 hxg4 43. hxg4 g6 44. f6 Be6 45. Rb7 Rc5 46. Bd3 Bxg4 47. Bxg6 Kg8 48. Rg7+ Kf8 49. Rf7+ Kg8 50. Rg7+ Kf8 51. Rh7 Rf5+ 52. Bxf5 Bxf5 53. Ra7 d3 54. Ke3 Bg6 55. Rg7 Bf5 56. Rg5 Be6 57. Rg7 Bf5 58. Re7 Bg6 59. Ra7 Bf5 60. Rb7 Bg6 61. Kf4 Ke8 62. Re7+ Kf8 63. Rd7 Ke8 64. Rd4 Kf7 65. Kg5 d2 66. Rd7+ Ke6 67. Rxd2 Bb1 68. Rb2 Bd3 69. Rb7 1-0